000 00610nam a2200289Ia 4500
005 20260401122155.0
008 008 250103s9999 xx 000 0 eng d
037 _aTB
040 _aEDL
040 _beng
040 _cEDL
041 _2eng
041 _aeng
084 _a891.461 MAC
084 _qEDL
100 _aMachwe, Prabhakar
245 0 _aKeshavsut
245 0 _cMachwe, Prabhakar
260 _aNew Delhi
260 _bSahitya Akademi
260 _c1982
300 _a64p
942 _cTB
942 _h891.461 MAC
999 _c1845414
_d1845414